Word Ladder: Pixar Quiz Stats

 Plays Quiz Updated Aug 2, 2017

Support Sporcle.
Go Orange.
Score 0/58 Timer 05:00
1 Play Today
Clue Answer % Correct
Toy Story space ranger•BUZZ•
98.1%
If the shoe ____FITS
95.1%
Sound of a carbonated beverageFIZZ
93.3%
Peach or kiwi featureFUZZ
92.4%
Texas ____ 'emHOLD
89.9%
Fish propellersFINS
89.4%
Fungus that grows on decaying foodMOLD
87.2%
'Three Blind ____'MICE
85.5%
JFK syllableFITZ
83.4%
Group of wolvesPACK
82.9%
Thumbs up, on FacebookLIKE
81.8%
Minneapolis' state (abbrev.)MINN
81.3%
Saint-likeHOLY
81.2%
One-eyed Wazowski in Monsters Inc.•MIKE•
80.7%
Forgetful fish in Finding Nemo•DORY•
80.5%
Coin makerMINT
79.6%
Disneyland or Six Flags e.g.PARK
79%
____-polyROLY
76%
Excessively bloodyGORY
75.2%
____ McMissile of Cars 2•FINN•
74.9%
____ Blanc (Alps)MONT
74.7%
PubsBARS
73.3%
Depend (on)RELY
73.2%
What a hair roller producesCURL
72.4%
Door in a fenceGATE
72.2%
[Pixar film] set in Radiator Springs•CARS•
72%
Rolling Stones frontmanMICK
70.9%
Flying mammalsBATS
70.1%
Third gospelLUKE
69.7%
Clue Answer % Correct
It goes with 'ifs' and 'ands'BUTS
69.7%
Office noteMEMO
68.1%
Busey or OldmanGARY
67.7%
Hopper's obnoxious brother in A Bug's Life•MOLT•
67.5%
Partner of roll, in basketballPICK
66.7%
Ratatouille character known as 'Little Chef'•REMY•
66.1%
Crotchety old man who went Up•CARL•
65.7%
Yawn-inducing personBORE
64.5%
Start of a musical scale (2 wds.)DO RE
63.4%
'We go to together like a wink ___ _ smile'AND A
62.5%
ExposeBARE
58.9%
Bit of internet humorMEME
58.4%
____ du Nord (Paris station)GARE
58%
The Incredibles family surname•PARR•
57.7%
Toy Story 2 villain Stinky ____•PETE•
56.6%
Owner who says goodbye in Toy Story 3•ANDY•
56.4%
Worm on a hook e.g.LURE
56.2%
San ____, Italian resort townREMO
56.1%
Roseanne of TVBARR
55.6%
Grooves in the roadRUTS
54.9%
Restore to wholenessCURE
54.7%
Babe ____ (Sultan of Swat)RUTH
53%
Type of saxophoneALTO
49.6%
Crown of the headPATE
47.7%
Alan of M*A*S*HALDA
45.1%
Distribute (out)METE
45%
____Vista (Yahoo search engine)ALTA
43%
Writer (abbrev.)AUTH
39.9%
WALL•E villain•AUTO•
36.1%

Today's Daily Dose

You're not logged in!

Compare scores with friends on all Sporcle quizzes.
OR
Log In
Forgot?

From the Vault

Seas of Southeast Asia

by archieblok

How many seas can you see?
Remove Ads.
Support Sporcle.
Get the best of Sporcle when you Go Orange. This ad-free experience offers more features, more stats, and more fun while also helping to support Sporcle. Thank you for becoming a member.

Show Comments

Extras

Top Quizzes Today


Score Distribution

Your Account Isn't Verified!

In order to create a playlist on Sporcle, you need to verify the email address you used during registration. Go to your Sporcle Settings to finish the process.

Report this User

Report this user for behavior that violates our Community Guidelines.

Details: